Logos; castellano 1 /
Guardado en:
| Autor Principal: | |
|---|---|
| Formato: | Libro |
| Publicado: |
Buenos Aires :
Saber, s.f.
|
| Materias: | |
| Etiquetas: |
Agregar Etiqueta
Sin Etiquetas, Sea el primero en etiquetar este registro!
|
| LEADER | 01723nam a22001815a 4500 | ||
|---|---|---|---|
| 001 | CEM.cems000333 | ||
| 005 | 20061024184144.0 | ||
| 008 | 130507b######################000#0#####d | ||
| 003 | CEMS | ||
| 082 | 0 | 4 | |a 468 |
| 100 | 1 | |a Aguiar, Enrique | |
| 245 | 1 | 0 | |a Logos; castellano 1 / |c Enrique Aguiar |
| 260 | |a Buenos Aires : |b Saber, s.f. | ||
| 300 | |a 165 p. | ||
| 500 | |a Texto de gramática española para el primer curso de la Educación Media | ||
| 505 | 0 | |a La expresión oral -- Formas de comunicación -- La comunicación oral -- Palabras y lenguaje -- La discusión -- La exposición -- La expresión escrita -- Formas de expresión escrita -- La carta -- El sobre -- El telegrama -- Otros documentos -- El periódico -- Cómo debe ser la expresión escrita -- La ortografía -- Elementos de la palabra -- Clasificación de las vocales -- Los artículos -- Acentos -- Puntuación -- La entrevista personal -- La oración o juicio -- Cláusula -- La frase -- El párrafo -- El sustantivo -- Accidentes del número -- Género -- El caso -- El verbo -- Sinonimia -- Los verbos y sus accidentes -- Tiempos simples de indicativo -- Como expresarnos oralmente bien -- El relato -- El cuento -- Poesía -- El drama, representación -- Refranes -- Leyes básicas del debate -- Como expresarnos por escrito -- El adjetivo -- Epíteto -- Adjetivos naturales y posesivos -- Las agudas -- Las graves -- Como comprender para expresar el pensamiento ajeno -- Palabras esdrújulas y sobreesdrújulas -- El adverbio -- Las locuciones adverbiales -- Las preposiciones -- El lenguaje poético -- Adjetivos y pronombres demostrativos -- La conjunción -- El epílogo | |
| 653 | |a Gramática | ||
| 859 | |a CEMS |b BIB. CEMS - 11 de abril |h 468 |i Ag93 |p 9554.81 |t Ej.1 | ||
